Chemia - Statystyki

Ogólne statystyki
  • Ten quiz został rozwiązany 595 razy
  • Średni wynik to 28 z 37
Statystyki odpowiedzi
Hint Odpowiedź % Poprawnych
Węgiel C
99%
Azot N
99%
Brom Br
97%
Fluor F
95%
Fosfor P
95%
Siarka S
94%
Argon Ar
93%
Wodór H
92%
Bar Ba
91%
Potas K
90%
Chrom Cr
86%
Lit Li
86%
Tlen O
86%
Hel He
84%
Jod I
83%
Cynk Zn
83%
Neon Ne
82%
Nikiel Ni
82%
Srebro Ag
81%
Sód Na
81%
Miedź Cu
80%
Mangan Mn
80%
Złoto Au
78%
Wapń Ca
78%
Żelazo Fe
78%
Ołów Pb
78%
Krzem Si
71%
Kryptom Kr
69%
Rtęć Hg
68%
Cyna Sn
66%
Kobalt Co
65%
Ksenon Xe
59%
Platyna Pt
58%
Radon Rn
42%
Chlor Ci
28%
Glin All
4%
Magnez My
3%
Nie znaleziono quizów pasujących do podanych kryteriów
Rozkład punktacji
Procent ludzi z każdym wynikiem
Percentyl według liczby udzielonych odpowiedzi
Twoja historia wyników
Nie rozwiązałeś tego quizu